Likvidácia spoločnosti z pohľadu účtovníctva a daní

Účtovný a daňový pohľad na likvidáciu obchodnej spoločnosti s príkladmi. Povinnosti účtovnej jednotky pred vstupom do likvidácie, po vstupe, v priebehu procesu a po jeho skončení. Postup z pohľadu dane z príjmov, dane z pridanej hodnoty a dane z motorových vozidiel.

Gespeichert in:
Bibliographische Detailangaben
1. Verfasser: Kolembus, Anton
Format: Buchkapitel
Sprache:Slowakisch
Schlagworte:
Tags: Tag hinzufügen
Keine Tags, Fügen Sie das erste Tag hinzu!

MARC

LEADER 00000naa a2200000 4500
001 0273162
005 20210421141825.6
041 0 |a slo 
044 |a SK 
245 1 0 |a Likvidácia spoločnosti z pohľadu účtovníctva a daní  |c Anton Kolembus 
520 |a Účtovný a daňový pohľad na likvidáciu obchodnej spoločnosti s príkladmi. Povinnosti účtovnej jednotky pred vstupom do likvidácie, po vstupe, v priebehu procesu a po jeho skončení. Postup z pohľadu dane z príjmov, dane z pridanej hodnoty a dane z motorových vozidiel. 
610 2 0 |a účtovníctvo podvojné 
610 2 0 |a likvidácia 
610 2 0 |a spoločnosti obchodné 
610 2 0 |a jednotka účtovná 
610 2 0 |a dane z príjmov 
610 2 0 |a dane z hodnoty pridanej 
610 2 0 |a dane z vozidiel motorových 
610 2 0 |a zákony 
100 1 |a Kolembus, Anton